[Event "Bretagne-ch U14"]
[Site "Ploermel"]
[Date "2007.02.13"]
[Round "1"]
[White "Gueguen, Corentin"]
[Black "Guena, Clement"]
[Result "0-1"]
[WhiteElo "1360"]
[BlackElo "1650"]
[PlyCount "82"]
[EventDate "2007.02.13"]
[EventType "tourn"]
[EventRounds "6"]
[EventCountry "FRA"]
[SourceTitle "EXT 2008"]
[Source "ChessBase"]
[SourceDate "2007.11.25"]
[SourceVersion "1"]
[SourceVersionDate "2007.11.25"]
[SourceQuality "1"]

1. e4 d5 2. exd5 Qxd5 3. Nc3 Qa5 4. d4 Nf6 5. Bc4 Bf5 6. Nf3 e6 7. Bd2 c6 8. 0-0 Nbd7 9. Re1 Qc7 10. Ne5 Nxe5 11. dxe5 Nd5 12. Nxd5 exd5 13. Bd3 Be6 14. Bc3 0-0-0 15. a3 Be7 16. Qd2 Kb8 17. b4 h5 18. a4 g5 19. b5 cxb5 20. Bxb5 Rc8 21. Bb4 Bxb4 22. Qxb4 Qc5 23. Qd2 g4 24. Rac1 h4 25. c4 dxc4 26. Qd6+ Ka8 27. Qxc5 Rxc5 28. Re4 Rhc8 29. g3 a6 30. Bxc4 Rxc4 31. Rcxc4 Rxc4 32. Rxc4 Bxc4 33. gxh4 b5 34. axb5 axb5 35. h5 Be6 36. Kf1 Kb7 37. Ke2 Kc6 38. Kd2 Kd5 39. Kc3 Kxe5 40. Kb4 Bd7 41. h6 Kf6 0-1